[Event "Portugal Open 2018"]
[Site "Lisboa POR"]
[Date "2018.02.07"]
[Round "7.82"]
[White "Lazarevic, Dusan"]
[Black "Dias, António"]
[Result "0-1"]
[WhiteElo "1983"]
[BlackElo "1707"]
[WhiteFideId "978523"]
[BlackFideId "1928040"]
[WhiteCountry "SRB"]
[BlackCountry "POR"]
[PlyCount "108"]
[EventDate "2018.??.??"]

1. e4 Nf6 2. d3 Nc6 3. Nc3 d5 4. exd5 Nxd5 5. Bd2 g6 6. Qf3 Be6 7. Nh3 Ne5 8.
Qg3 f6 9. Ng5 Bg8 10. f4 Nd7 11. Nf3 c6 12. h4 Qc7 13. h5 g5 14. O-O-O h6 15.
Qh2 O-O-O 16. f5 Qxh2 17. Rxh2 e6 18. Nd4 Bd6 19. Rh1 e5 20. Ne4 Bb4 21. Bxb4
Nxb4 22. Nd6+ Kc7 23. Ne6+ Bxe6 24. fxe6 Kxd6 25. exd7 Nxa2+ 26. Kd2 Nb4 27. Ra1
a6 28. Ra4 c5 29. g3 Rxd7 30. Bh3 Rc7 31. Rf1 Rf8 32. c3 Nc6 33. Re4 b5 34. Ree1
a5 35. Rf2 b4 36. Ref1 Ke7 37. Ke3 a4 38. Ke4 a3 39. bxa3 bxa3 40. Ra2 Ra7 41.
Rfa1 Rfa8 42. Kd5 Nd8 43. c4 Ra5 44. Rb1 R8a6 45. Rb5 Rd6+ 46. Ke4 Ra7 47. Rxc5
Rb6 48. Rb5 Rba6 49. Bc8 Ra4 50. Kd5 Rc7 51. Rc5 Rca7 52. g4 Nf7 53. Rc6 R7a5+
54. c5 Rd4# 0-1

[Event "Portugal Open 2018"]
[Site "Lisboa POR"]
[Date "2018.02.07"]
[Round "7.83"]
[White "Guerreiro, Paulo"]
[Black "Craciun, Ion"]
[Result "1-0"]
[WhiteElo "1796"]
[BlackElo "1974"]
[WhiteFideId "1902105"]
[BlackFideId "13902440"]
[WhiteCountry "POR"]
[BlackCountry "POR"]
[PlyCount "89"]
[EventDate "2018.??.??"]

1. c4 e5 2. g3 f5 3. Bg2 d6 4. Nc3 c6 5. d3 Be7 6. e3 Be6 7. Nge2 Na6 8. Rb1 Nc7
9. b4 Nf6 10. b5 d5 11. bxc6 bxc6 12. O-O O-O 13. cxd5 cxd5 14. d4 e4 15. Bd2
Bf7 16. Rb7 Ne6 17. Qa4 a6 18. Rfb1 Ng5 19. Nf4 Bd6 20. Nh3 Ne6 21. Ne2 Be8 22.
Qd1 Rc8 23. Bb4 Bb5 24. Nef4 Nxf4 25. Nxf4 Bxb4 26. a4 Rf7 27. Rxf7 Kxf7 28.
axb5 a5 29. Rc1 g5 30. Ne2 Rb8 31. Qa4 Qb6 32. Bf1 Qxb5 33. Rc7+ Be7 34. Qc2 Qb6
35. h3 a4 36. Nc1 a3 37. Na2 Rb7 38. Rc6 Qb2 39. Qa4 Qxa2 40. Ra6 Qb3 41. Qc6 a2
42. Qe6+ Kg6 43. g4 fxg4 44. hxg4 h6 45. Qg8# 1-0

[Event "Portugal Open 2018"]
[Site "Lisboa POR"]
[Date "2018.02.07"]
[Round "7.84"]
[White "Calzada Cruz, Osvaldo"]
[Black "Höbarth, Günter"]
[Result "0-1"]
[WhiteElo "1745"]
[BlackElo "1931"]
[WhiteFideId "3509460"]
[BlackFideId "1610198"]
[WhiteCountry "CUB"]
[BlackCountry "AUT"]
[PlyCount "102"]
[EventDate "2018.??.??"]

1. e4 d6 2. d4 Nf6 3. Nc3 c6 4. Nf3 Bg4 5. h3 Bh5 6. Be2 e6 7. Be3 d5 8. e5 Ne4
9. Nxe4 dxe4 10. Ng5 Bg6 11. h4 h5 12. Qd2 Nd7 13. O-O-O a5 14. f3 exf3 15. Bxf3
Nb6 16. Be4 Nc4 17. Qc3 Bxe4 18. Nxe4 b5 19. Bg5 Qd5 20. Nc5 Bxc5 21. dxc5 Qxe5
22. Qxe5 Nxe5 23. Rhe1 Ng6 24. Rd6 Rc8 25. Red1 O-O 26. g3 Rfe8 27. Rd7 f6 28.
Be3 Ne7 29. Ra7 Nd5 30. Bf2 Ra8 31. Rd7 Red8 32. Rd6 Rxd6 33. cxd6 Rd8 34. Bc5
Rd7 35. c3 Kf7 36. Kc2 e5 37. b3 Ke6 38. c4 Nb4+ 39. Bxb4 axb4 40. c5 Kf5 41.
Kd3 Kg4 42. Ke4 Kxg3 43. Kf5 e4 44. Ke6 Rd8 45. Ke7 Ra8 46. d7 f5 47. d8=Q Rxd8
48. Kxd8 f4 49. Kc7 e3 50. Kxc6 e2 51. Rc1 f3 0-1

[Event "Portugal Open 2018"]
[Site "Lisboa POR"]
[Date "2018.02.07"]
[Round "7.85"]
[White "Santos, Ana P"]
[Black "Fernandes, Ricardo Paulos"]
[Result "0-1"]
[WhiteElo "1534"]
[BlackElo "1920"]
[WhiteFideId "1921550"]
[BlackFideId "1943464"]
[WhiteCountry "POR"]
[BlackCountry "POR"]
[PlyCount "72"]
[EventDate "2018.??.??"]

1. e4 c5 2. Nf3 Nc6 3. d4 cxd4 4. Nxd4 g6 5. Nc3 Bg7 6. Be3 Nf6 7. Nxc6 bxc6 8.
e5 Ng8 9. f4 Nh6 10. Bc4 O-O 11. Qd2 d6 12. O-O-O Ng4 13. h4 Bf5 14. Qe2 Qc7 15.
h5 Nxe3 16. Qxe3 dxe5 17. hxg6 hxg6 18. g3 Qb6 19. Qe2 exf4 20. Qxe7 Rab8 21.
Bb3 fxg3 22. Rd2 Qb4 23. Qxa7 Qf4 24. Ne2 Qe5 25. Nc3 g2 26. Rxg2 Qf4+ 27. Kb1
Qb4 28. Re2 c5 29. Nd5 Rb7 30. Ne7+ Rxe7 31. Qxe7 Qd4 32. Kc1 Qxb2+ 33. Kd2 Qc3+
34. Kd1 Qa1+ 35. Kd2 Bc3+ 36. Ke3 Qxh1 0-1

[Event "Portugal Open 2018"]
[Site "Lisboa POR"]
[Date "2018.02.07"]
[Round "7.86"]
[White "Horta, António"]
[Black "Mendes, Alberto"]
[Result "1-0"]
[WhiteElo "1906"]
[BlackElo "1672"]
[WhiteFideId "1916971"]
[BlackFideId "1901699"]
[WhiteCountry "POR"]
[BlackCountry "POR"]
[PlyCount "95"]
[EventDate "2018.??.??"]

1. d4 Nf6 2. Nf3 e6 3. g3 d5 4. Bg2 c6 5. O-O Be7 6. c4 O-O 7. Nc3 Bb4 8. Bg5
Nbd7 9. Qc2 h6 10. Bf4 Bxc3 11. bxc3 Ne4 12. Nd2 Nxd2 13. Bxd2 Nf6 14. f3 dxc4
15. e4 Bd7 16. Rab1 Qc8 17. Be3 Re8 18. Rfd1 b5 19. Qf2 a6 20. Bf4 Qd8 21. Bd6
Bc8 22. Bc5 Qc7 23. Rb2 Nd7 24. Rbd2 Bb7 25. f4 Nxc5 26. dxc5 Rad8 27. Rd6 f6
28. e5 Rxd6 29. cxd6 Qd7 30. Qb6 f5 31. a4 Ra8 32. Ra1 Kf8 33. axb5 axb5 34.
Rxa8+ Bxa8 35. Qb8+ Qe8 36. Qc7 Qh5 37. h3 Qd1+ 38. Kh2 Qd2 39. Qe7+ Kg8 40.
Qe8+ Kh7 41. Qxa8 b4 42. cxb4 c3 43. Qxc6 c2 44. d7 c1=Q 45. Qxc1 Qxd7 46. Qc6
Qxc6 47. Bxc6 Kg8 48. b5 1-0

[Event "Portugal Open 2018"]
[Site "Lisboa POR"]
[Date "2018.02.07"]
[Round "7.87"]
[White "Oliveira, António Augusto"]
[Black "Taylor, Robert Graham"]
[Result "0-1"]
[WhiteElo "1617"]
[BlackElo "1906"]
[WhiteFideId "1943235"]
[BlackFideId "1800841"]
[WhiteCountry "POR"]
[BlackCountry "WLS"]
[PlyCount "58"]
[EventDate "2018.??.??"]

1. f4 Nf6 2. Nf3 d5 3. e3 g6 4. Nc3 Bg7 5. d4 O-O 6. Be2 Nbd7 7. Ne5 c6 8. Bd2
Nxe5 9. fxe5 Ne8 10. O-O f6 11. exf6 exf6 12. Bd3 Nd6 13. Ne2 Bf5 14. Ng3 Bxd3
15. cxd3 f5 16. Qb3 Qb6 17. Qxb6 axb6 18. a3 Rfe8 19. Rae1 Re6 20. Rf4 Rae8 21.
Kf2 g5 22. Rf3 f4 23. Nf1 fxe3+ 24. Nxe3 Bxd4 25. Kf1 Bxb2 26. Ng4 Rxe1+ 27.
Bxe1 Rf8 28. Nh6+ Kg7 29. Bg3 Rxf3+ 0-1

[Event "Portugal Open 2018"]
[Site "Lisboa POR"]
[Date "2018.02.07"]
[Round "7.88"]
[White "Skielnik, Joseph"]
[Black "Pérez Bolanos, Joel"]
[Result "1/2-1/2"]
[WhiteElo "1890"]
[BlackElo "1628"]
[WhiteFideId "423807"]
[BlackFideId "24564419"]
[WhiteCountry "ENG"]
[BlackCountry "ESP"]
[PlyCount "43"]
[EventDate "2018.??.??"]

1. d4 Nf6 2. Bf4 c5 3. e3 Nc6 4. Nf3 b6 5. Nbd2 e6 6. Be2 Bb7 7. O-O d5 8. a3
Bd6 9. Bxd6 Qxd6 10. Bb5 O-O 11. Bxc6 Bxc6 12. Ne5 Bb5 13. Re1 Nd7 14. a4 Ba6
15. Nxd7 Qxd7 16. Nf3 f6 17. c3 c4 18. Qc2 Bb7 19. a5 b5 20. Nd2 e5 21. b4 a6
22. Re2 1/2-1/2

[Event "Portugal Open 2018"]
[Site "Lisboa POR"]
[Date "2018.02.07"]
[Round "7.89"]
[White "Rumsey, Victor"]
[Black "Silva, Daniel"]
[Result "1/2-1/2"]
[WhiteElo "1888"]
[BlackElo "1536"]
[WhiteFideId "432873"]
[BlackFideId "1951378"]
[WhiteCountry "ENG"]
[BlackCountry "POR"]
[PlyCount "91"]
[EventDate "2018.??.??"]

1. d4 d5 2. c4 e6 3. Nf3 Nf6 4. g3 Be7 5. Bg2 O-O 6. O-O b6 7. cxd5 exd5 8. Nc3
Bb7 9. Ne5 Nbd7 10. Qa4 Nxe5 11. dxe5 Ne8 12. Nxd5 Bxd5 13. Rd1 c6 14. e4 Nc7
15. exd5 cxd5 16. Be3 Bc5 17. Bxc5 bxc5 18. Rac1 Qe7 19. Qa3 Qxe5 20. Rxc5 Rfe8
21. Rdc1 Rac8 22. Qxa7 Nb5 23. Qb6 Rb8 24. Qa5 Nd4 25. Bxd5 Qe2 26. Qc3 Qg4 27.
Kg2 Ne2 28. Bf3 Nxc3 29. Bxg4 Ne4 30. R5c2 Nf6 31. Bf3 g6 32. a4 Kg7 33. Rd1 Re6
34. a5 Ra6 35. Ra1 Nd7 36. Ra3 Ne5 37. Re2 Nc4 38. Rc3 Nxb2 39. Re7 Rxa5 40.
Rcc7 Rf8 41. Red7 Rf5 42. Be4 Rf6 43. Bc2 Rb6 44. Be4 Rf6 45. Bd5 Na4 46. Rc6
1/2-1/2

[Event "Portugal Open 2018"]
[Site "Lisboa POR"]
[Date "2018.02.07"]
[Round "7.90"]
[White "Marques, Rui"]
[Black "Cavadas, José"]
[Result "1-0"]
[WhiteElo "1876"]
[BlackElo "1535"]
[WhiteFideId "1903390"]
[BlackFideId "1904990"]
[WhiteCountry "POR"]
[BlackCountry "POR"]
[PlyCount "35"]
[EventDate "2018.??.??"]

1. e4 c5 2. Nf3 a6 3. c3 d6 4. d4 cxd4 5. cxd4 Nf6 6. Nc3 e6 7. Bd3 Be7 8. a3
Nbd7 9. e5 dxe5 10. dxe5 Ng4 11. Qe2 Qc7 12. Bf4 Bxa3 13. Rxa3 b5 14. Nxb5 Qd8
15. Nd6+ Kf8 16. Ng5 Nh6 17. Nxh7+ Kg8 18. Bxh6 1-0

[Event "Portugal Open 2018"]
[Site "Lisboa POR"]
[Date "2018.02.07"]
[Round "7.91"]
[White "Passeiro, Lourenço"]
[Black "Silva, Ana Inês"]
[Result "0-1"]
[WhiteElo "1362"]
[BlackElo "1873"]
[WhiteFideId "1934848"]
[BlackFideId "1932543"]
[WhiteCountry "POR"]
[BlackCountry "POR"]
[PlyCount "144"]
[EventDate "2018.??.??"]

1. e4 c5 2. c3 Nf6 3. e5 Nd5 4. d4 cxd4 5. Nf3 d6 6. exd6 Qxd6 7. Nxd4 g6 8. Nd2
Qe5+ 9. Qe2 Qxe2+ 10. Bxe2 Bg7 11. N2b3 O-O 12. O-O Nd7 13. Bf3 N7f6 14. Re1 e6
15. Bd2 a6 16. c4 Nb6 17. Rac1 Re8 18. Nc5 Nfd7 19. Nxd7 Bxd7 20. Be3 e5 21. Nb3
e4 22. Bxe4 Rxe4 23. Bxb6 Rxe1+ 24. Rxe1 Bxb2 25. Rd1 Re8 26. g3 Bc6 27. Rd8
Rxd8 28. Bxd8 Be4 29. Nc5 Bb1 30. Nxb7 Bxa2 31. c5 Bd5 32. Na5 Bc3 33. Kf1 Kf8
34. Ke2 Ke8 35. Bb6 Bd4 36. f4 f5 37. Ba7 Ke7 38. Bb6 Bg1 39. h4 Bd4 40. Kf1 Bc3
41. Ke2 Kd7 42. Kf1 Bb4 43. Ke2 Ke6 44. Kf1 Be4 45. Ke2 Bc3 46. Kf1 Bd3+ 47. Kg2
Bd4 48. Nb3 Be4+ 49. Kf1 Bc3 50. Na5 Bd3+ 51. Kg2 Bb5 52. Kf3 Kd5 53. g4 Bb4 54.
h5 Bxc5 55. Bxc5 Kxc5 56. hxg6 hxg6 57. gxf5 gxf5 58. Nb3+ Kc4 59. Nc1 a5 60.
Ne2 a4 61. Ke3 a3 62. Nc1 Kc3 63. Na2+ Kb2 64. Nb4 Kb3 65. Nd5 a2 66. Ne7 Bd7
67. Nd5 a1=Q 68. Kd3 Qd1+ 69. Ke3 Qxd5 70. Kf2 Qd3 71. Kg2 Bc6+ 72. Kg1 Qf3 0-1

[Event "Portugal Open 2018"]
[Site "Lisboa POR"]
[Date "2018.02.07"]
[Round "7.92"]
[White "Coelho, Pedro"]
[Black "Voges, Guilherme"]
[Result "1-0"]
[WhiteElo "1864"]
[BlackElo "1384"]
[WhiteFideId "1905694"]
[BlackFideId "1947680"]
[WhiteCountry "POR"]
[BlackCountry "POR"]
[PlyCount "119"]
[EventDate "2018.??.??"]

1. Nf3 Nc6 2. d4 d5 3. e3 Bf5 4. c3 f6 5. Bb5 Qd6 6. Nbd2 e5 7. Bxc6+ bxc6 8.
dxe5 fxe5 9. Qa4 Bd3 10. Nxe5 Bb5 11. Qf4 Nf6 12. f3 Be7 13. a4 Ba6 14. b4 Bc8
15. Ba3 O-O 16. b5 c5 17. Nc6 Qxf4 18. Nxe7+ Kf7 19. exf4 Re8 20. Kf2 Rxe7 21.
Bxc5 Re8 22. Rhe1 Be6 23. Nb3 Nd7 24. Bd4 Nb6 25. Nd2 a5 26. bxa6 Rxa6 27. a5
Nd7 28. Nb3 Rb8 29. Nc5 Nxc5 30. Bxc5 Rb5 31. f5 Bxf5 32. Re7+ Kf6 33. Rxc7
Raxa5 34. Bd4+ Ke6 35. Re1+ Kd6 36. Be5+ Ke6 37. Bxg7+ Kd6 38. Be5+ Ke6 39. Bf4+
Kf6 40. Be5+ Kg5 41. f4+ Kh4 42. Re2 Bd3 43. Rd2 Be4 44. g3+ Kh3 45. Rc6 Bg6 46.
Rd6 Kg4 47. Rf6 Rb1 48. f5 Raa1 49. fxg6 Rf1+ 50. Ke3 Rae1+ 51. Kd4 Rxf6 52.
Bxf6 hxg6 53. Kxd5 Rf1 54. Rd4+ Kh3 55. Rh4+ Kg2 56. Bd4 Rf5+ 57. Ke4 Rh5 58.
Rxh5 gxh5 59. Bf6 Kxh2 60. Bh4 1-0

[Event "Portugal Open 2018"]
[Site "Lisboa POR"]
[Date "2018.02.07"]
[Round "7.93"]
[White "Dumont, Vincent"]
[Black "Marques, Afonso"]
[Result "1-0"]
[WhiteElo "1849"]
[BlackElo "1399"]
[WhiteFideId "206199"]
[BlackFideId "1947184"]
[WhiteCountry "BEL"]
[BlackCountry "POR"]
[PlyCount "43"]
[EventDate "2018.??.??"]

1. b3 d5 2. Bb2 Nf6 3. e3 Bf5 4. h3 e6 5. a3 Be7 6. d3 O-O 7. Ne2 h6 8. Nd2 c5
9. g4 Bh7 10. Bg2 Nc6 11. O-O Qc7 12. Qe1 Rad8 13. f4 Rfe8 14. Qf2 Bg6 15. Bf3
b5 16. h4 c4 17. h5 Bh7 18. g5 hxg5 19. fxg5 cxd3 20. Nf4 Ne4 21. Bxe4 Bxe4 22.
Nxe6 1-0

[Event "Portugal Open 2018"]
[Site "Lisboa POR"]
[Date "2018.02.07"]
[Round "7.94"]
[White "Partoens, Remi"]
[Black "Eberlein, Johann"]
[Result "0-1"]
[WhiteElo "1663"]
[BlackElo "1978"]
[WhiteFideId "237108"]
[BlackFideId "24623121"]
[WhiteCountry "BEL"]
[BlackCountry "GER"]
[PlyCount "144"]
[EventDate "2018.??.??"]

1. e4 g6 2. d4 c6 3. Nf3 Bg7 4. c3 d5 5. Nbd2 Nh6 6. Bd3 O-O 7. O-O f6 8. Re1
Nf7 9. c4 Na6 10. b3 e6 11. Ba3 Re8 12. e5 f5 13. Rc1 Nc7 14. Qc2 g5 15. g4 Nh6
16. h3 Kh8 17. Bd6 dxc4 18. bxc4 Na6 19. gxf5 Nxf5 20. Ne4 h6 21. Qc3 Qd7 22.
Nh2 Qf7 23. Ng4 Rd8 24. Red1 Nh4 25. Be2 Nc7 26. Ngf6 Bxf6 27. Nxf6 Nf5 28. Bh5
Qg7 29. Ne4 Ne8 30. Bb4 Bd7 31. Qa3 Nc7 32. Nf6 Na6 33. d5 exd5 34. cxd5 cxd5
35. Rxd5 Nxb4 36. Qxb4 Bc6 37. Rdd1 Nh4 38. Rd6 Nf5 39. Rd2 Qe7 40. Qxe7 Nxe7
41. Rcd1 Rxd2 42. Rxd2 Kg7 43. Bg4 Ng6 44. Nh5+ Kf7 45. Rd6 Nxe5 46. Rf6+ Kg8
47. Be6+ Kh7 48. Bf5+ Kg8 49. Rxh6 Be8 50. Bh7+ Kf8 51. Bf5 Rd8 52. Rh8+ Ke7 53.
Rh7+ Kd6 54. Nf6 Bc6 55. Be4 Kc5 56. Bxc6 Kxc6 57. Rg7 Rd2 58. Ne4 Rxa2 59. Nxg5
a5 60. f4 Nd3 61. f5 Rf2 62. Rg6+ Kd7 63. f6 a4 64. Ne4 Rf4 65. Rg4 Rxg4+ 66.
hxg4 a3 67. Nc3 b5 68. g5 b4 69. Na2 Ke6 70. Kf1 b3 71. Nc3 a2 72. Ke2 Nc1+ 0-1

[Event "Portugal Open 2018"]
[Site "Lisboa POR"]
[Date "2018.02.07"]
[Round "7.95"]
[White "Elias, Rúben"]
[Black "Dias, José"]
[Result "0-1"]
[WhiteElo "1836"]
[BlackElo "1660"]
[WhiteFideId "1906453"]
[BlackFideId "1923943"]
[WhiteCountry "POR"]
[BlackCountry "POR"]
[PlyCount "86"]
[EventDate "2018.??.??"]

1. e4 d5 2. exd5 Qxd5 3. Nc3 Qd6 4. d4 Nf6 5. Bd3 a6 6. Nge2 g6 7. O-O Bg7 8.
Bf4 Qd8 9. Re1 O-O 10. Qd2 Re8 11. Rad1 c6 12. Ne4 Nbd7 13. c4 Nxe4 14. Bxe4 Nf6
15. Bf3 Bg4 16. Bxg4 Nxg4 17. Nc3 Nf6 18. Qe2 e6 19. Ne4 Nxe4 20. Qxe4 Qd7 21.
Be5 f6 22. Bg3 Rad8 23. Qe2 Kf7 24. b4 Re7 25. a4 Qe8 26. a5 Red7 27. Qd2 Qe7
28. c5 Rd5 29. Bd6 Qd7 30. Qf4 Rf5 31. Qe4 Bf8 32. Bxf8 Rxf8 33. Rd3 Rd8 34.
Rde3 Re8 35. Rh3 h5 36. f4 Rd5 37. Rd1 Rd8 38. Rg3 f5 39. Qe3 Rxd4 40. Rb1 Rd1+
41. Rxd1 Qxd1+ 42. Kf2 Qc2+ 43. Qe2 Rd2 0-1

[Event "Portugal Open 2018"]
[Site "Lisboa POR"]
[Date "2018.02.07"]
[Round "7.96"]
[White "Garcia, António"]
[Black "Pérez Bolanos, David"]
[Result "0-1"]
[WhiteElo "1833"]
[BlackElo "1651"]
[WhiteFideId "1901931"]
[BlackFideId "24564400"]
[WhiteCountry "POR"]
[BlackCountry "ESP"]
[PlyCount "56"]
[EventDate "2018.??.??"]

1. d4 Nf6 2. c4 e6 3. Nf3 d5 4. Nc3 Be7 5. g3 c6 6. Bg2 b6 7. O-O Bb7 8. b3 O-O
9. Bb2 Qc7 10. cxd5 cxd5 11. Rc1 Nc6 12. Re1 Rac8 13. e4 dxe4 14. Ng5 Rfd8 15.
Ncxe4 Nxe4 16. Nxe4 Qb8 17. h4 Nxd4 18. Rxc8 Bxc8 19. Ng5 h6 20. Nh3 Bb7 21.
Bxd4 Bf6 22. Qe2 Bxd4 23. Rd1 Qxg3 24. Nf4 Bxf2+ 25. Kf1 Rxd1+ 26. Qxd1 Ba6+ 27.
Ne2 Be3 28. Qe1 Qf4+ 0-1

[Event "Portugal Open 2018"]
[Site "Lisboa POR"]
[Date "2018.02.07"]
[Round "7.97"]
[White "Bártolo, Filipe"]
[Black "Cardoso, Miguel"]
[Result "0-1"]
[WhiteElo "1572"]
[BlackElo "1832"]
[WhiteFideId "1942565"]
[BlackFideId "1904280"]
[WhiteCountry "POR"]
[BlackCountry "POR"]
[PlyCount "94"]
[EventDate "2018.??.??"]

1. d4 d5 2. Bf4 Nf6 3. Nf3 e6 4. h3 Bd6 5. Ne5 O-O 6. e3 c5 7. c3 Nc6 8. Bd3 Qc7
9. Nxc6 bxc6 10. Bxd6 Qxd6 11. Nd2 cxd4 12. cxd4 c5 13. dxc5 Qxc5 14. O-O e5 15.
e4 Be6 16. Rc1 Qb6 17. exd5 Bxd5 18. Bc4 Rad8 19. Bxd5 Nxd5 20. Nc4 Qf6 21. Qe2
Nf4 22. Qxe5 Qxe5 23. Nxe5 Ne2+ 24. Kh2 Nxc1 25. Rxc1 Rd2 26. Rc7 Rxb2 27. Rxa7
Rxf2 28. a4 f6 29. Nc6 Ra2 30. a5 h5 31. a6 Kh7 32. Nb4 Ra4 33. Nd5 Kh6 34. Nb6
Ra2 35. Nc4 Rd8 36. Ne3 Kg6 37. Nc4 Rd4 38. Ne3 Rd6 39. Nc4 Rdxa6 40. Rd7 Re6
41. Nd2 Re2 42. Nf3 Rxg2+ 43. Kh1 Rgb2 44. Rd1 Rf2 45. Rg1+ Kf7 46. Rg3 Ra1+ 47.
Ng1 Rff1 0-1

[Event "Portugal Open 2018"]
[Site "Lisboa POR"]
[Date "2018.02.07"]
[Round "7.98"]
[White "Cordeiro, João"]
[Black "Ferrante, Filippo"]
[Result "1-0"]
[WhiteElo "1807"]
[BlackElo "1539"]
[WhiteFideId "1935291"]
[BlackFideId "846457"]
[WhiteCountry "POR"]
[BlackCountry "ITA"]
[PlyCount "71"]
[EventDate "2018.??.??"]

1. e4 e6 2. d4 d5 3. Nd2 Nf6 4. e5 Nfd7 5. Bd3 c5 6. c3 Nc6 7. Ne2 Qb6 8. Nf3
cxd4 9. cxd4 Bb4+ 10. Bd2 Bxd2+ 11. Qxd2 Qb4 12. a3 Qxd2+ 13. Nxd2 O-O 14. O-O
f6 15. f4 b6 16. b4 Ne7 17. Rac1 Nb8 18. Rc7 Rf7 19. Rfc1 Na6 20. R7c3 Rf8 21.
b5 Nb8 22. Rc7 Kf7 23. Nf3 a6 24. Nc3 Bd7 25. bxa6 Rc8 26. Nb5 Bxb5 27. Bxb5
Rxc7 28. Rxc7 Nxa6 29. Rb7 h6 30. a4 Kf8 31. Rxb6 Nc7 32. Bd7 Rd8 33. Bxe6 Nxe6
34. Rxe6 Kf7 35. Ra6 Kg6 36. g4 1-0

[Event "Portugal Open 2018"]
[Site "Lisboa POR"]
[Date "2018.02.07"]
[Round "7.99"]
[White "Leite, Marta"]
[Black "Rupérez Benito, Yaiza"]
[Result "0-1"]
[WhiteElo "1784"]
[BlackElo "1503"]
[WhiteFideId "1904035"]
[BlackFideId "22297626"]
[WhiteCountry "POR"]
[BlackCountry "ESP"]
[PlyCount "74"]
[EventDate "2018.??.??"]

1. e4 e6 2. d4 d5 3. e5 c5 4. c3 Nc6 5. Nf3 Qb6 6. Be2 Nge7 7. dxc5 Qxc5 8. Bf4
Ng6 9. Bg3 Qb6 10. Qc2 Be7 11. O-O O-O 12. Bd3 Bd7 13. h4 Rfc8 14. Qd2 Qd8 15.
h5 Nh4 16. Bxh4 Bxh4 17. Qf4 Be7 18. Na3 a6 19. Nc2 h6 20. Nh2 Bg5 21. Qg3 Bh4
22. Qe3 Na5 23. Na3 b5 24. Ng4 Bg5 25. Qg3 Nc6 26. f4 Bh4 27. Qf3 b4 28. Nc2 a5
29. cxb4 axb4 30. f5 exf5 31. Bxf5 Bxf5 32. Qxf5 Qe7 33. Nge3 Rd8 34. Qf3 Nxe5
35. Qf5 Bf6 36. Nd4 Nc4 37. Nxc4 Bxd4+ 0-1

[Event "Portugal Open 2018"]
[Site "Lisboa POR"]
[Date "2018.02.07"]
[Round "7.100"]
[White "Santos, José Duarte"]
[Black "Almeida, José António"]
[Result "0-1"]
[WhiteElo "1744"]
[BlackElo "1469"]
[WhiteFideId "1902318"]
[BlackFideId "1958143"]
[WhiteCountry "POR"]
[BlackCountry "POR"]
[PlyCount "76"]
[EventDate "2018.??.??"]

1. e4 c6 2. d4 d5 3. Nc3 dxe4 4. Nxe4 Bf5 5. Ng3 Bg6 6. f4 Nf6 7. Bc4 e6 8. h4
h6 9. h5 Bh7 10. Nf3 c5 11. O-O Be7 12. c3 O-O 13. Ne5 Nd5 14. Qg4 f5 15. Qe2
Rf6 16. Bd2 Qd6 17. Rae1 Nc6 18. a3 Rd8 19. b4 cxd4 20. Bxd5 Qxd5 21. c4 Qd6 22.
b5 Nb8 23. Bb4 Qc7 24. Bxe7 Qxe7 25. Ng6 Bxg6 26. hxg6 Rxg6 27. Nxf5 Qf6 28. Qf3
Qxf5 29. Re5 Qc2 30. f5 Nd7 31. Re2 Qxf5 32. Qxb7 Qc5 33. Ref2 d3 34. Qc6 Rf6
35. Qxc5 Nxc5 36. Rd1 Rxf2 37. Kxf2 e5 38. Ke3 e4 0-1

[Event "Portugal Open 2018"]
[Site "Lisboa POR"]
[Date "2018.02.07"]
[Round "7.102"]
[White "Moreira, Simao Chaves"]
[Black "Rodriguez Bernal, Herman"]
[Result "1-0"]
[WhiteElo "1490"]
[BlackElo "1730"]
[WhiteFideId "1939351"]
[BlackFideId "22266186"]
[WhiteCountry "POR"]
[PlyCount "62"]
[EventDate "2018.??.??"]

1. d4 Nf6 2. Bf4 g6 3. e3 d6 4. Nf3 Bg4 5. Be2 Bg7 6. O-O Nbd7 7. h3 Bxf3 8.
Bxf3 e5 9. Bh2 exd4 10. exd4 O-O 11. c4 Re8 12. Nc3 Rb8 13. c5 Bf8 14. Nb5 a6
15. cxd6 cxd6 16. Nxd6 Bxd6 17. Bxd6 Ra8 18. Bxb7 Ra7 19. Bf3 Qb6 20. Ba3 Rc7
21. b3 a5 22. Rc1 Rxc1 23. Qxc1 Qxd4 24. Rd1 Qa7 25. Bb2 Ne5 26. Bc6 Re6 27. Bd5
Nxd5 28. Rxd5 Qe7 29. Qc8+ Kg7 30. f4 Qa7+ 31. Bd4 Qxd4+ 1-0

[Event "Portugal Open 2018"]
[Site "Lisboa POR"]
[Date "2018.02.07"]
[Round "7.103"]
[White "Antunes, André"]
[Black "Monteiro, Sara"]
[Result "0-1"]
[WhiteElo "1459"]
[BlackElo "1712"]
[WhiteFideId "1936328"]
[BlackFideId "1909860"]
[BlackTitle "WCM"]
[WhiteCountry "POR"]
[BlackCountry "POR"]
[PlyCount "62"]
[EventDate "2018.??.??"]

1. b3 d5 2. Bb2 Nf6 3. f4 c5 4. Nf3 Nc6 5. e3 e6 6. Be2 Bd6 7. O-O Qc7 8. a3 h6
9. c4 d4 10. exd4 cxd4 11. g3 g5 12. fxg5 hxg5 13. Kg2 Ng4 14. Rh1 Qb6 15. Nxd4
Nf2 16. Kxf2 Nxd4 17. Kg2 e5 18. b4 Bh3+ 19. Kf2 Nxe2+ 20. c5 Bxc5+ 21. bxc5
Qxb2 22. Qxe2 Qd4+ 23. Qe3 Qxa1 24. Nc3 Qxh1 25. Qxe5+ Kd7 26. Qd4+ Ke6 27. Qd6+
Kf5 28. Qd7+ Kg6 29. Qd3+ Bf5 30. Qd6+ f6 31. g4 Rxh2+ 0-1

[Event "Portugal Open 2018"]
[Site "Lisboa POR"]
[Date "2018.02.07"]
[Round "7.104"]
[White "Alves, Fernando"]
[Black "Coimbra, João"]
[Result "1-0"]
[WhiteElo "1701"]
[BlackElo "1403"]
[WhiteFideId "1905678"]
[BlackFideId "1901435"]
[WhiteCountry "POR"]
[BlackCountry "POR"]
[PlyCount "95"]
[EventDate "2018.??.??"]

1. e4 c6 2. d4 d6 3. Nc3 h6 4. Bc4 e6 5. Nf3 Be7 6. Bf4 Bg5 7. Nxg5 hxg5 8. Bg3
Qe7 9. Qe2 Nd7 10. O-O-O Nb6 11. Bb3 Bd7 12. Rhe1 Nh6 13. Kb1 a5 14. a3 a4 15.
Ba2 Nc8 16. d5 e5 17. f3 f6 18. Bf2 c5 19. Rh1 Qd8 20. g4 Ne7 21. h4 Ng6 22. Bc4
Nf4 23. Qf1 b6 24. h5 Ke7 25. Ka2 Qb8 26. Rg1 Ra5 27. Nb5 Rc8 28. Be1 Ra8 29.
Bd2 Bxb5 30. Bxb5 Rc7 31. Qc4 Qa7 32. Rge1 Kf7 33. Bc3 Kg8 34. Bd2 Kh7 35. Bc1
Nf7 36. Re3 Kh6 37. Rc3 Nd8 38. Be3 Nb7 39. Bxf4 exf4 40. e5 Kh7 41. Qe4+ Kg8
42. Bd3 dxe5 43. Qh7+ Kf8 44. Qh8+ Kf7 45. Bg6+ Ke7 46. Qxg7+ Kd8 47. Qf8+ Kd7
48. Bf5# 1-0

[Event "Portugal Open 2018"]
[Site "Lisboa POR"]
[Date "2018.02.07"]
[Round "7.105"]
[White "Martins, Domingos"]
[Black "Barrento, Jorge"]
[Result "1-0"]
[WhiteElo "1223"]
[BlackElo "1700"]
[WhiteFideId "1947389"]
[BlackFideId "1906500"]
[WhiteCountry "POR"]
[BlackCountry "POR"]
[PlyCount "41"]
[EventDate "2018.??.??"]

1. d4 Nf6 2. Nf3 b6 3. Bf4 e6 4. e3 Bb7 5. Nbd2 c5 6. c3 Be7 7. Bd3 d5 8. O-O
O-O 9. Ne5 Ne4 10. Qh5 f5 11. Ndf3 g5 12. Bxe4 gxf4 13. Bc2 fxe3 14. fxe3 Qe8
15. Qh3 Bf6 16. g4 Bxe5 17. Nxe5 Bc8 18. Rf2 Qe7 19. gxf5 Rf6 20. Rg2+ Kf8 21.
Ng6+ 1-0

[Event "Portugal Open 2018"]
[Site "Lisboa POR"]
[Date "2018.02.07"]
[Round "7.106"]
[White "Avelino, Camila"]
[Black "Palhas, Miguel Brando"]
[Result "1-0"]
[WhiteElo "1694"]
[BlackElo "1323"]
[WhiteFideId "1938975"]
[BlackFideId "1961349"]
[WhiteCountry "POR"]
[BlackCountry "POR"]
[PlyCount "45"]
[EventDate "2018.??.??"]

1. e4 e6 2. d4 d5 3. Nd2 c5 4. exd5 cxd4 5. dxe6 Bxe6 6. Ngf3 Nc6 7. Bd3 Nf6 8.
O-O Bd6 9. Nb3 Qc7 10. Bb5 Ng4 11. h3 Nge5 12. Nxe5 Bxe5 13. Re1 O-O 14. Bg5 Qd6
15. Bxc6 bxc6 16. Qe2 Bh2+ 17. Kh1 Rfe8 18. Qd2 h6 19. Bxh6 gxh6 20. g3 Bxg3 21.
fxg3 Bxh3 22. Qxd4 Qxg3 23. Rg1 1-0